Nepal First Level Subdivisions - Statistics

General Stats
  • This quiz has been taken 96 times
    92 since last reset
  • The average score is 4 of 7
Answer Stats
Pradesh % Correct
Province 1 / 1
88%
Province 2 / 2
78%
Province 5 / 5
63%
Bagmati
54%
Karnali
54%
Gandaki
51%
Sudurpashchim
34%
No matching quizzes found
Score Distribution
Percent of People with Each Score
Percentile by Number Answered
Your Score History
You have not taken this quiz since the last reset